Lost in the sacred: why the muslim world stood still (Record no. 1466443)

MARC details
000 -LEADER
fixed length control field 00329 a2200121 4500
000 - LEADER
fixed length control field nam a22 7a 4500
005 - DATE AND TIME OF LATEST TRANSACTION
control field 20251217121437.0
020 ## - INTERNATIONAL STANDARD BOOK NUMBER
International Standard Book Number 978-0691-12911-2
100 ## - MAIN ENTRY--PERSONAL NAME
Personal name Diner, Dan
9 (RLIN) 857292
245 ## - TITLE STATEMENT
Title Lost in the sacred: why the muslim world stood still
260 ## - PUBLICATION, DISTRIBUTION, ETC.
Name of publisher, distributor, etc. Prineton University Press
Date of publication, distribution, etc. 2009
942 ## - ADDED ENTRY ELEMENTS (KOHA)
Koha item type Textbook
Holdings
Withdrawn status Lost status Source of classification or shelving scheme Damaged status Not for loan Home library Current library Date acquired Total Checkouts Date last seen Price effective from Koha item type
    Colon Classification (CC)     Central Library Central Library 2025-12-17   2025-12-17 2025-12-17 Textbook
Copyright @ Delhi University Library System